Những đỉnh cao chỉ huy : Cuộc chiến vì nền kinh tế thế giới

Mô tả toàn diện và sâu sắc về quá trình chuyển đổi kinh tế trên toàn cầu, những thay đổi quan trọng của thế giới và chiến thắng của lực lượng thị trường, cuộc cách mạng trong tư duy kinh tế, những thách thức chủ yếu của thời đại ngà...

Descripción completa

Guardado en:
Detalles Bibliográficos
Autor principal: Yergin, Daniel
Formato: Libro
Lenguaje:Undetermined
Publicado: Hà Nội Tri thức 2012
Materias:
Etiquetas: Agregar Etiqueta
Sin Etiquetas, Sea el primero en etiquetar este registro!
Thư viện lưu trữ: Trung tâm Học liệu Trường Đại học Cần Thơ
LEADER 01132nam a2200217Ia 4500
001 CTU_181263
008 210402s9999 xx 000 0 und d
020 |c 200000 
082 |a 338.9 
082 |b Y37 
100 |a Yergin, Daniel 
245 0 |a Những đỉnh cao chỉ huy : 
245 0 |b Cuộc chiến vì nền kinh tế thế giới 
245 0 |c Daniel Yergin, Joseph Stanislaw 
260 |a Hà Nội 
260 |b Tri thức 
260 |c 2012 
520 |a Mô tả toàn diện và sâu sắc về quá trình chuyển đổi kinh tế trên toàn cầu, những thay đổi quan trọng của thế giới và chiến thắng của lực lượng thị trường, cuộc cách mạng trong tư duy kinh tế, những thách thức chủ yếu của thời đại ngày nay và tương lai đối với các chính sách của chính phủ và hoạt động của các công ty.. 
650 |a Economic policy,Chính sách kinh tế 
904 |i Hải 
980 |a Trung tâm Học liệu Trường Đại học Cần Thơ